[Event "Ruhrgebiet-ch Seniors 10th"]
[Site "Essen"]
[Date "2003.04.01"]
[Round "5"]
[White "Klatt, Theodor"]
[Black "Ghasemi, Vajiellah"]
[Result "1/2-1/2"]
[WhiteElo "1820"]
[BlackElo "1629"]
[PlyCount "139"]
[EventDate "2003.04.??"]
[EventType "swiss"]
[EventRounds "9"]
[EventCountry "GER"]
[SourceTitle "EXT 2006"]
[Source "ChessBase"]
[SourceDate "2005.11.24"]
[SourceVersion "1"]
[SourceVersionDate "2005.11.24"]
[SourceQuality "1"]

1. d4 e6 2. g3 g6 3. Bg2 Bg7 4. c3 c6 5. Nf3 Na6 6. 0-0 Ne7 7. Bf4 Nd5 8. Bd6 Ne7 9. e4 0-0 10. Nbd2 Re8 11. Ne5 f6 12. Ng4 f5 13. Ne5 fxe4 14. Bxe4 Nf5 15. Bxf5 Bxe5 16. Bxe5 exf5 17. Nc4 d5 18. Nd2 Be6 19. Nf3 Nb8 20. Qd2 Nd7 21. Bf4 Qf6 22. Ne5 Nxe5 23. Bxe5 Qf7 24. Kg2 Bd7 25. b4 Re6 26. h4 h5 27. a4 Rae8 28. Rfe1 Kh7 29. Qf4 a6 30. f3 Qg8 31. Rf1 Rf8 32. Qg5 Rfe8 33. Rae1 Qf8 34. Qd2 Qh6 35. Qf2 Qf8 36. Re3 f4 37. gxf4 Qf5 38. Rh1 R6e7 39. Rh2 Qf7 40. Kg1 Bf5 41. Rg2 Re6 42. Qg3 Qd7 43. a5 Qf7 44. Kh2 Qd7 45. Qe1 Qd8 46. Kg3 Qe7 47. Rd2 Qd8 48. Qe2 Qe7 49. Rb2 Qd8 50. c4 Qd7 51. Rc3 dxc4 52. Qxc4 R6e7 53. Rd2 Be6 54. Qd3 Bf5 55. Qe2 Rf7 56. Qf2 Be6 57. Rc5 Bd5 58. Kh2 Qf5 59. Qg3 Qb1 60. Rg2 Re6 61. Qg5 Bxf3 62. Qd8 Rxe5 63. Rxe5 Bxg2 64. Kxg2 Qxb4 65. Re2 Qb5 66. Qe8 Qf5 67. Re4 Qg4+ 68. Kf2 Rxf4+ 69. Rxf4 Qxf4+ 70. Ke2 1/2-1/2